Moderné data miningové metódy
Metódy, ktoré svojou povahou nespadajú do štatistiky, a síce postupy, ktoré sa súhrnne označujú ako prostriedky pre data mining – získavanie znalostí z dát. Metódy užívané pri riešeniu tzv. klasifikačných úloh. Štandardné štatistické postupy využívané pre takýto typ úloh sú diskriminačná analýza a...
Uložené v:
| Hlavný autor: | |
|---|---|
| Médium: | Kapitola |
| Jazyk: | Slovak |
| Predmet: | |
| Tagy: |
Žiadne tagy, Buďte prvý, kto otaguje tento záznam!
|
MARC
| LEADER | 00000naa a2200000 4500 | ||
|---|---|---|---|
| 001 | 0124935 | ||
| 005 | 20220729111251.9 | ||
| 041 | 0 | |a slo | |
| 044 | |a SK | ||
| 245 | 1 | 0 | |a Moderné data miningové metódy |c Lenka Blažková |
| 520 | |a Metódy, ktoré svojou povahou nespadajú do štatistiky, a síce postupy, ktoré sa súhrnne označujú ako prostriedky pre data mining – získavanie znalostí z dát. Metódy užívané pri riešeniu tzv. klasifikačných úloh. Štandardné štatistické postupy využívané pre takýto typ úloh sú diskriminačná analýza a logistická regresia. Ich modernou alternatívou môžu byť napríklad klasifikačné rozhodovacie stromy alebo neurónové siete. Princíp neurónových sietí. Pokročilejšie data miningové modely. | ||
| 610 | 2 | 0 | |a siete neurónové |
| 610 | 2 | 0 | |a analýza diskriminačná |
| 610 | 2 | 0 | |a regresia |
| 610 | 2 | 0 | |a zber dát |
| 100 | 1 | |a Blažková, Lenka | |